All Summer Walker Songs - Statistics

General Stats
  • This quiz has been taken 687 times
    272 since last reset
  • The average score is 31 of 71
Answer Stats
Album Song % Correct
Last Day of Summer Girls Need Love
89%
Over It Playing Games
80%
Single Session 32
74%
Last Day of Summer Karma
72%
Still Over It No Love
72%
Still Over It Ex for a Reason
68%
Over It Body
67%
Last Day of Summer Deep
67%
Over It Over It
67%
Still Over It Session 33
65%
Over It Come Thru
62%
Over It I'll Kill You
61%
Life on Earth White Tee
60%
Last Day of Summer CPR
59%
Over It Just Might
58%
Over It Tonight
58%
Over It Anna Mae
55%
Still Over It Insane
55%
Still Over It Bitter
53%
Still Over It 4th Baby Mama
52%
Still Over It 4th Baby Mama (Prelude)
52%
Still Over It Constant Bullsh*t
52%
Still Over It Toxic
52%
Still Over It Unloyal
51%
Still Over It Switch a N***a Out
49%
Last Day of Summer BP
48%
Last Day of Summer Shame
48%
Over It Potential
46%
Still Over It Throw It Away
46%
Still Over It Reciprocate
45%
Last Day of Summer Smartwater
45%
Over It Stretch You Out
45%
Last Day of Summer Baby
43%
Still Over It Ciara's Prayer
43%
Still Over It Circus
43%
Over It Me
42%
CLEAR Riot
42%
Over It Like It
41%
Over It Fun Girl
39%
Still Over It Dat Right There
38%
CLEAR Wasted
38%
Still Over It Broken Promises
37%
Over It Drunk Dialing...LODT
37%
Still Over It Closure
36%
Last Day of Summer Just Like Me
36%
Over It Nobody Else
36%
Still Over It Screwin
36%
Life on Earth SWV
36%
Life on Earth My Affection
35%
Over It Off of You
34%
CLEAR Grave
33%
Life on Earth Deeper
32%
Still Over It You Don't Know Me
32%
Last Day of Summer Girls Need Love (Remix)
31%
Last Day of Summer Prayed Up
31%
Life on Earth Let It Go
30%
Last Day of Summer Talk Yo Sh*t
30%
CLEAR 2: SOFT LIFE EP To Summer, from Cole (Audio Hug)
30%
Last Day of Summer I'm There
29%
CLEAR 2: SOFT LIFE EP Hardlife
26%
CLEAR 2: SOFT LIFE EP Pull Up
25%
CLEAR Settling
25%
CLEAR 2: SOFT LIFE EP Set Up (2017)
24%
CLEAR 2: SOFT LIFE EP New Type
23%
Newer Single Good Good
21%
CLEAR 2: SOFT LIFE EP How Does It Feel
21%
CLEAR 2: SOFT LIFE EP Finding Peace
20%
CLEAR 2: SOFT LIFE EP Mind Yo Mouth
19%
Single #2 Something Real
19%
New Single Better Thangs
10%
CLEAR 2: SOFT LIFE EP Agayu's Revolution
2%
No matching quizzes found
Score Distribution
Percent of People with Each Score
Percentile by Number Answered
Your Score History
You have not taken this quiz since the last reset